Tratado de los conflictos societarios. Tomo II /
Guardado en:
| Autor Principal: | |
|---|---|
| Formato: | Libro |
| Idioma: | Spanish |
| Publicado: |
Ciudad Autónoma de Buenos Aires :
Abeledo Perrot,
2013
|
| Edición: | 1a. ed. |
| Materias: | |
| Etiquetas: |
Agregar Etiqueta
Sin Etiquetas, Sea el primero en etiquetar este registro!
|
| LEADER | 00523nam a22001575a 4500 | ||
|---|---|---|---|
| 001 | DER.der012580 | ||
| 008 | 180615s2013####ag#||||||||||||||#||spa|| | ||
| 005 | 20251111192121.0 | ||
| 245 | 1 | 0 | |a Tratado de los conflictos societarios. |n Tomo II / |c Diego Arturo J. Duprat. |
| 250 | |a 1a. ed. | ||
| 260 | |a Ciudad Autónoma de Buenos Aires : |b Abeledo Perrot, |c 2013 | ||
| 300 | |a 1072 p. | ||
| 020 | |a 9789502025575 | ||
| 100 | 1 | |a Duprat, Diego Arturo J. | |
| 653 | |a DERECHO SOCIETARIO | ||
| 859 | |a DERECHO |b BIB. DERECHO |h 346.07 |i DUP |p 007416 |v 2 |3 Tomo II | ||
